| 000 | 00398nam a2200157Ia 4500 | ||
|---|---|---|---|
| 008 | 200103s9999||||xx |||||||||||||| ||und|| | ||
| 020 | _a9780713667363, | ||
| 040 | _aIMU-MPC | ||
| 082 | _aColumn-1 | ||
| 100 | _aMorton, Thomas D. | ||
| 245 | 0 | _aReed's Steam Engineering Knowledge for Marine Engineers | |
| 250 | _aVol. 9 | ||
| 260 |
_bAdlard Coles Nautical _c2006 |
||
| 300 | _a293 | ||
| 942 | _cBK | ||
| 999 |
_c2656 _d2656 |
||